Word Ladder: Why You Better Watch Out Quiz Stats

Quiz Updated Dec 24, 2015

Challenge
Share
Tweet
Embed
Score 0/32 Timer 03:00
0 Plays Today
Hint 3-Letter Word % Correct
Belonging to himHIS
97.5%
To smackHIT
97.3%
♪ Female sibling to 'Bro' ♪SIS
96.7%
♪ With 'tic' and 'toe' an X & O game ♪TAC
96.6%
Jar topperLID
96.5%
To dineEAT
96.3%
Extra spicy foodHOT
96.2%
Young boyLAD
95.9%
Lighter shade of brownTAN
95.7%
♪ Precedes Francisco or Diego ♪SAN
95.4%
Collapsible camp bedCOT
95.2%
Industrious little insectANT
95.1%
Sex Pistols singer ViciousSID
94.7%
♪ Lodging place for travelers ♪INN
93.9%
♪ Business web address suffix ♪.COM
93.5%
Membranous cavity often filled with fluidSAC
93%
Hint 3-Letter Word % Correct
With Arbor home of U. MichiganANN
92.5%
Molecule with unequal electrons and protonsION
92.1%
♪ ___ little, ___ late ♪ TOO
91.5%
Electronic storage device (following CD)ROM
91.4%
Hooting birdOWL
91.3%
Howard, Paul, or BurgundyRON
91.2%
♪ To possess ♪OWN
90.7%
Tolkien's tree-like beingENT
90.2%
Petroleum-based lubricantOIL
90.1%
Very young childTOT
89.9%
Silvery-white metal (Sn, element #50)TIN
89.8%
Make lace by tying knotsTAT
87.7%
♪ Guiding principle in a Chinese philosophy ♪TAO
87.4%
Up to a point in time (abbrev)'TIL
85.5%
♪ Civic governing rule ♪LAW
81.6%
Make hide into leather w/o tanninTAW
78.1%

Today's Daily Dose

You're not logged in!

Compare scores with friends on all Sporcle quizzes.
Sign Up with Email
OR
Log In

You Might Also Like...

Show Comments

Extras

Top Quizzes Today


Score Distribution

Your Account Isn't Verified!

In order to create a playlist on Sporcle, you need to verify the email address you used during registration. Go to your Sporcle Settings to finish the process.